000 00717nam a2200205 a 4500
005 20210219160118.0
008 080804s1979 mx r 000 0 spa d
020 _a9231016705
035 _aUPN01000158963
049 _aUNE
080 _aOC 016:341 .16:001 =20 1972-76 UNEVo.2.
245 0 0 _aUNESCO list of documents and publications 1972-1976 volume 2 Subject index.
260 _aParís :
_bUNESCO,
_c1979.
300 _a873 p.
690 _aBibliografías - Desarrollo económico y social
690 _aPublicación - Desarrollo de la educación
690 _aOrganizaciones intergubernamentales - Desarrollo de la comun
710 2 _aUNESCO.
_bComputarized Documentation System (CDS)
905 _aUNESCO
999 _c131077
_d131077